[Event "Gibtelecom Festival 2010 - Masters"]
[Site "Gibraltar ENG"]
[Date "2010.01.31"]
[Round "6.48"]
[White "Collier, David O"]
[Black "Arakhamia-Grant, Ketevan"]
[Result "1/2-1/2"]
[WhiteElo "2118"]
[BlackElo "2470"]
[PlyCount "101"]
[EventDate "2010.01.26"]
[EventType "swiss"]
[EventRounds "10"]
[EventCountry "ENG"]
[Source "lmi"]
[SourceDate "2010.01.26"]

1. d4 g6 2. c4 Bg7 3. Nc3 d6 4. e4 Nf6 5. f3 O-O 6. Be3 c6 7. Bd3 a6 8. Nge2 b5
9. O-O Nbd7 10. Rc1 e5 11. Qd2 Bb7 12. b4 exd4 13. Nxd4 Ne5 14. cxb5 axb5 15.
Nb3 Nfd7 16. Rfd1 Nb6 17. Qf2 Nbc4 18. Bxc4 bxc4 19. Na5 Rxa5 20. bxa5 Nd3 21.
Qc2 Nxc1 22. Bb6 Qg5 23. Qxc1 Qxc1 24. Rxc1 d5 25. Ne2 Re8 26. Kf2 Ba6 27. Nd4
dxe4 28. Nxc6 exf3 29. gxf3 c3 30. Nb4 Re2+ 31. Kg1 Bb7 32. a6 Bxf3 33. Rc2
Rxc2 34. Nxc2 Kf8 35. Kf2 Ba8 36. Ke3 Ke7 37. Bd4 Bxd4+ 38. Kxd4 Kd6 39. Kxc3
Kc5 40. a7 f5 41. Nd4 Kb6 42. Ne6 h6 43. Kd4 Kxa7 44. h4 Bb7 45. Ke5 Bc8 46.
Nd4 Kb6 47. Kf6 f4 48. Kxg6 Kc5 49. Nf3 Bg4 50. Kxh6 Bxf3 51. Kg5 1/2-1/2

[Event "Gibtelecom Festival 2010 - Masters"]
[Site "Gibraltar ENG"]
[Date "2010.01.31"]
[Round "6.49"]
[White "Forsaa, Espen"]
[Black "Popa-Matei, Viorel-Ovidiu"]
[Result "1-0"]
[WhiteElo "2301"]
[BlackElo "2137"]
[PlyCount "33"]
[EventDate "2010.01.26"]
[EventType "swiss"]
[EventRounds "10"]
[EventCountry "ENG"]
[Source "lmi"]
[SourceDate "2010.01.26"]

1. e4 e5 2. Nf3 Nc6 3. d4 exd4 4. Nxd4 Bc5 5. Be3 Qf6 6. c3 Nge7 7. Bc4 Ne5 8.
Be2 d5 9. O-O dxe4 10. Nb5 Bb6 11. Bxb6 Qxb6 12. Qd4 Nf3+ 13. gxf3 Qg6+ 14. Kh1
O-O 15. Rg1 Qh6 16. Nxc7 Rb8 17. fxe4 1-0

[Event "Gibtelecom Festival 2010 - Masters"]
[Site "Gibraltar ENG"]
[Date "2010.01.31"]
[Round "6.51"]
[White "Fox, Anthony"]
[Black "Perez Pardo, Juan Carlos"]
[Result "1/2-1/2"]
[WhiteElo "2113"]
[BlackElo "2297"]
[PlyCount "64"]
[EventDate "2010.01.26"]
[EventType "swiss"]
[EventRounds "10"]
[EventCountry "ENG"]
[Source "lmi"]
[SourceDate "2010.01.26"]

1. e4 e5 2. Nf3 Nc6 3. Nc3 Bc5 4. Nxe5 Nxe5 5. d4 Bd6 6. dxe5 Bxe5 7. f4 Bxc3+
8. bxc3 d6 9. Bc4 Be6 10. Bxe6 fxe6 11. Qh5+ Kd7 12. Qb5+ Kc8 13. Rb1 b6 14.
O-O Kb7 15. Qb3 Qd7 16. c4 Nf6 17. Qd3 Qc6 18. Re1 e5 19. f5 Raf8 20. Bg5 Nd7
21. Qd5 Nc5 22. Re3 h6 23. Bh4 Qxd5 24. cxd5 g5 25. Be1 Kc8 26. Bb4 Kd7 27.
Bxc5 dxc5 28. c4 Ke7 29. a4 Rf6 30. Rg3 Rd6 31. Kf2 Kf6 32. Rh1 h5 1/2-1/2

[Event "Gibtelecom Festival 2010 - Masters"]
[Site "Gibraltar ENG"]
[Date "2010.01.31"]
[Round "6.53"]
[White "Valgmae, Toomas"]
[Black "Getz, Nicolai"]
[Result "0-1"]
[WhiteElo "2154"]
[BlackElo "2280"]
[PlyCount "84"]
[EventDate "2010.01.26"]
[EventType "swiss"]
[EventRounds "10"]
[EventCountry "ENG"]
[Source "lmi"]
[SourceDate "2010.01.26"]

1. d4 d5 2. c4 c6 3. Nf3 Nf6 4. Nc3 dxc4 5. a4 Bf5 6. Ne5 Nbd7 7. Nxc4 Qc7 8.
g3 e5 9. dxe5 Nxe5 10. Bf4 Nfd7 11. Bg2 g5 12. Ne3 gxf4 13. Nxf5 O-O-O 14. Qc2
Ng6 15. O-O Kb8 16. Rfc1 a5 17. b4 axb4 18. Nb5 Qb6 19. Nbd6 Nde5 20. a5 Qa6
21. Qc5 b3 22. Rab1 Qa7 23. Qb4 f3 24. Bxf3 Nxf3+ 25. exf3 c5 26. Qd2 Qa6 27.
Rd1 Bxd6 28. Nxd6 Kc7 29. Qd5 Rxd6 30. Qxf7+ Kb8 31. Rxd6 Qxd6 32. Rxb3 Qc7 33.
Qd5 Ka7 34. f4 Re8 35. f5 Re1+ 36. Kg2 Ne7 37. Qf3 Nc6 38. f6 Re8 39. Qd5 Re5
40. Qc4 Rf5 41. f4 Nxa5 42. Ra3 Rxf6 0-1

[Event "Gibtelecom Festival 2010 - Masters"]
[Site "Gibraltar ENG"]
[Date "2010.01.31"]
[Round "6.54"]
[White "Nikolaidis, Konstantinos"]
[Black "Cafolla, Peter"]
[Result "1/2-1/2"]
[WhiteElo "2266"]
[BlackElo "2042"]
[PlyCount "116"]
[EventDate "2010.01.26"]
[EventType "swiss"]
[EventRounds "10"]
[EventCountry "ENG"]
[Source "lmi"]
[SourceDate "2010.01.26"]

1. d4 d5 2. c4 e6 3. Nf3 Nf6 4. g3 c5 5. cxd5 exd5 6. Bg2 Nc6 7. O-O Be7 8. Nc3
O-O 9. dxc5 Bxc5 10. Na4 Be7 11. Be3 Bf5 12. Nd4 Nxd4 13. Bxd4 Ne4 14. Nc3 Qd7
15. Re1 Rfd8 16. Qb3 b6 17. Rad1 Be6 18. Nxe4 dxe4 19. Qc2 Rac8 20. Qb1 Qa4 21.
b3 Qb4 22. Qxe4 Qa5 23. Qb1 Bb4 24. Rf1 Bg4 25. Bf3 Bh3 26. Bg2 Bg4 27. f3 Bf5
28. e4 Rxd4 29. Rxd4 Bc5 30. exf5 Bxd4+ 31. Kh1 Be3 32. Rd1 Qa3 33. Bf1 Bg5 34.
f4 Bf6 35. Bg2 Bb2 36. h4 Rc1 37. Rxc1 Bxc1 38. Qe4 Qf8 39. Qb7 Ba3 40. Qxa7
Bc5 41. Bd5 h6 42. b4 Bxb4 43. Qxb6 Ba3 44. Qa7 Bc5 45. Qd7 Ba3 46. g4 Qe7 47.
Qxe7 Bxe7 48. g5 Kf8 49. Kg2 f6 50. gxh6 gxh6 51. a4 Bb4 52. Kf3 Ke7 53. Kg4
Kf8 54. Bc4 Bd2 55. Kf3 Ke7 56. Bb3 Be1 57. h5 Kd6 58. Ke4 Kc5 1/2-1/2

[Event "Gibtelecom Festival 2010 - Masters"]
[Site "Gibraltar ENG"]
[Date "2010.01.31"]
[Round "6.55"]
[White "Havik, Victor"]
[Black "Meskovs, Nikita"]
[Result "1/2-1/2"]
[WhiteElo "2093"]
[BlackElo "2264"]
[PlyCount "82"]
[EventDate "2010.01.26"]
[EventType "swiss"]
[EventRounds "10"]
[EventCountry "ENG"]
[Source "lmi"]
[SourceDate "2010.01.26"]

1. d4 c5 2. d5 Nf6 3. c4 b5 4. cxb5 a6 5. b6 Qxb6 6. Nc3 d6 7. e4 g6 8. Nf3
Nbd7 9. Nd2 Bg7 10. a4 O-O 11. Be2 Qd8 12. O-O Rb8 13. Qc2 Ne8 14. Nc4 Ne5 15.
Ne3 Nc7 16. Kh1 e6 17. f4 Nd7 18. a5 exd5 19. exd5 Re8 20. Nc4 Nf6 21. Nb6 Ng4
22. g3 Bd4 23. Bd3 Bb7 24. Bc4 f5 25. Qg2 Re7 26. Bd2 Qf8 27. h3 Nf6 28. Rae1
Rbe8 29. Rxe7 Rxe7 30. Re1 Rxe1+ 31. Bxe1 h5 32. Kh2 Kh7 33. Qe2 Qf7 34. Bf2
Bxc3 35. bxc3 Nfxd5 36. Nxd5 Bxd5 37. Bxa6 h4 38. Bd3 hxg3+ 39. Kxg3 c4 40. Bc2
Bb7 41. Bd4 Kh6 1/2-1/2

[Event "Gibtelecom Festival 2010 - Masters"]
[Site "Gibraltar ENG"]
[Date "2010.01.31"]
[Round "6.56"]
[White "Stephan, Axel"]
[Black "Mortensen, Henrik"]
[Result "1-0"]
[WhiteElo "2252"]
[BlackElo "2015"]
[PlyCount "93"]
[EventDate "2010.01.26"]
[EventType "swiss"]
[EventRounds "10"]
[EventCountry "ENG"]
[Source "lmi"]
[SourceDate "2010.01.26"]

1. e4 Nf6 2. e5 Nd5 3. c4 Nb6 4. b3 d6 5. exd6 exd6 6. Bb2 N8d7 7. Nf3 Nf6 8.
Qe2+ Qe7 9. Bxf6 Qxe2+ 10. Bxe2 gxf6 11. O-O Bg4 12. Nd4 Bxe2 13. Nxe2 d5 14.
d3 dxc4 15. dxc4 O-O-O 16. Nbc3 Bd6 17. Rad1 Rhe8 18. Rfe1 c6 19. Kf1 Bb4 20.
Rxd8+ Rxd8 21. Rd1 Rxd1+ 22. Nxd1 Kd7 23. Nf4 Nc8 24. Ke2 Ne7 25. Kf3 Ng6 26.
Nh5 Ke6 27. Ne3 Bf8 28. Ke4 Ne7 29. Nf4+ Kd6 30. Nf5+ Nxf5 31. Kxf5 Be7 32. Nd3
Bd8 33. h4 Be7 34. g4 Bd8 35. h5 Be7 36. h6 b5 37. f4 bxc4 38. bxc4 a5 39. a4
Bd8 40. g5 fxg5 41. fxg5 Be7 42. Ne5 Kc5 43. Nxf7 Kxc4 44. g6 hxg6+ 45. Kxg6
Bb4 46. Ne5+ Kd5 47. h7 1-0

[Event "Gibtelecom Festival 2010 - Masters"]
[Site "Gibraltar ENG"]
[Date "2010.01.31"]
[Round "6.57"]
[White "Montero Melendez, Rafael"]
[Black "Lombart, Philippe"]
[Result "1/2-1/2"]
[WhiteElo "2248"]
[BlackElo "1996"]
[PlyCount "110"]
[EventDate "2010.01.26"]
[EventType "swiss"]
[EventRounds "10"]
[EventCountry "ENG"]
[Source "lmi"]
[SourceDate "2010.01.26"]

1. d4 d5 2. c4 e6 3. Nc3 Bb4 4. a3 Bxc3+ 5. bxc3 dxc4 6. e3 Nf6 7. Bxc4 O-O 8.
Nf3 a6 9. Bd3 b5 10. e4 h6 11. O-O Bb7 12. Re1 Nbd7 13. e5 Nd5 14. Bc2 f5 15.
exf6 Qxf6 16. Qd3 Qf5 17. Qxf5 exf5 18. Nh4 Rae8 19. Bd2 f4 20. Ng6 Rxe1+ 21.
Rxe1 Rf6 22. Be4 N7b6 23. Nxf4 Nxf4 24. Bxb7 Nd3 25. Re3 Nxf2 26. Rf3 Rxf3 27.
gxf3 Nd1 28. Bxa6 Nc4 29. Bf4 Nxc3 30. Bxc7 Nxa3 31. Kf2 Nd5 32. Bd6 Nc4 33.
Bc5 Nc7 34. Bb7 Na5 35. Be4 Na6 36. Bd5+ Kh7 37. Ke3 Kg6 38. Kd3 Kf6 39. Bd6 b4
40. h4 g6 41. Kd2 Kf5 42. Kc2 g5 43. h5 g4 44. Be4+ Kg5 45. Bd3 Nc6 46. f4+
Kxh5 47. Bxa6 Nxd4+ 48. Kb2 g3 49. Bb7 Kg4 50. Bxb4 h5 51. Kc3 Ne2+ 52. Kd2
Nxf4 53. Ke3 g2 54. Kf2 Nd3+ 55. Kxg2 Nxb4 1/2-1/2

[Event "Gibtelecom Festival 2010 - Masters"]
[Site "Gibraltar ENG"]
[Date "2010.01.31"]
[Round "6.59"]
[White "Rioseco Pinochet, Fernan"]
[Black "Carame Gonzalez, Francisco"]
[Result "0-1"]
[WhiteElo "2226"]
[BlackElo "1977"]
[PlyCount "56"]
[EventDate "2010.01.26"]
[EventType "swiss"]
[EventRounds "10"]
[EventCountry "ENG"]
[Source "lmi"]
[SourceDate "2010.01.26"]

1. e4 c5 2. Nf3 d6 3. d4 cxd4 4. Qxd4 Nc6 5. Bb5 Bd7 6. Bxc6 Bxc6 7. Nc3 Nf6 8.
Bg5 e6 9. O-O-O Be7 10. Qd3 O-O 11. Nd4 Qa5 12. h4 Rfe8 13. f3 Rac8 14. Bd2 Nd7
15. Kb1 Qc7 16. f4 a6 17. h5 b5 18. f5 Nc5 19. Qg3 Bf6 20. Bg5 Be5 21. Qg4 b4
22. f6 bxc3 23. Nxc6 Qxc6 24. Bh6 Bxf6 25. Bxg7 Qxe4 26. Qg3 Bxg7 27. Rhe1 Qb4
28. b3 Qa3 0-1

[Event "Gibtelecom Festival 2010 - Masters"]
[Site "Gibraltar ENG"]
[Date "2010.01.31"]
[Round "6.62"]
[White "Seitz, Benjamin"]
[Black "Martsynovskaya, Marina"]
[Result "1-0"]
[WhiteElo "2017"]
[BlackElo "2184"]
[PlyCount "81"]
[EventDate "2010.01.26"]
[EventType "swiss"]
[EventRounds "10"]
[EventCountry "ENG"]
[Source "lmi"]
[SourceDate "2010.01.26"]

1. d4 Nf6 2. Nf3 e6 3. e3 b6 4. Bd3 Bb7 5. Nbd2 c5 6. c3 Be7 7. O-O O-O 8. a3
d6 9. e4 Nc6 10. b4 Qc7 11. Qe2 Rfe8 12. Bb2 Rad8 13. b5 Nb8 14. a4 Nbd7 15.
Rfe1 Nf8 16. c4 Ng6 17. g3 e5 18. dxe5 dxe5 19. Nb1 Qd6 20. Bc2 Bc8 21. Nc3 Bg4
22. Qe3 h6 23. Rad1 Qe6 24. Rxd8 Bxd8 25. Nd5 Nh7 26. Nd2 Ngf8 27. Kh1 Bh5 28.
f4 f6 29. f5 Qc8 30. h3 Bf7 31. g4 h5 32. Qg3 Kh8 33. Nf3 g5 34. fxg6 Bxg6 35.
gxh5 Bxh5 36. Nxe5 Ne6 37. Ng6+ Bxg6 38. Qxg6 Neg5 39. Qxe8+ Kg7 40. Nf4 Nxh3
41. Qe6 1-0

[Event "Gibtelecom Festival 2010 - Masters"]
[Site "Gibraltar ENG"]
[Date "2010.01.31"]
[Round "6.64"]
[White "Frey, Matthias"]
[Black "Byrn, Carsten"]
[Result "1/2-1/2"]
[WhiteElo "1907"]
[BlackElo "2171"]
[PlyCount "58"]
[EventDate "2010.01.26"]
[EventType "swiss"]
[EventRounds "10"]
[EventCountry "ENG"]
[Source "lmi"]
[SourceDate "2010.01.26"]

1. e4 c5 2. Nf3 e6 3. d4 cxd4 4. Nxd4 Nf6 5. Nc3 Nc6 6. Ndb5 d6 7. Bf4 e5 8.
Bg5 a6 9. Na3 b5 10. Nd5 Be7 11. Bxf6 Bxf6 12. c3 O-O 13. Be2 Bg5 14. O-O Ne7
15. Nc2 Nxd5 16. Qxd5 Be6 17. Qd3 Qb6 18. Nb4 Rfc8 19. Nd5 Qb7 20. Rfd1 Rc5 21.
Qg3 Bxd5 22. Qxg5 h6 23. Qe3 Bxe4 24. Rxd6 Rac8 25. Rad1 R5c7 26. Rd8+ Rxd8 27.
Rxd8+ Kh7 28. Bd3 Bxd3 29. Qxd3+ e4 1/2-1/2

[Event "Gibtelecom Festival 2010 - Masters"]
[Site "Gibraltar ENG"]
[Date "2010.01.31"]
[Round "6.67"]
[White "Overeem, Marc"]
[Black "Haraldsson, Leif"]
[Result "0-1"]
[WhiteElo "2245"]
[BlackElo "2050"]
[PlyCount "86"]
[EventDate "2010.01.26"]
[EventType "swiss"]
[EventRounds "10"]
[EventCountry "ENG"]
[Source "lmi"]
[SourceDate "2010.01.26"]

1. c4 f5 2. g3 Nf6 3. Bg2 g6 4. d4 Bg7 5. Nf3 d6 6. O-O O-O 7. Nc3 c6 8. b3 Qc7
9. Ba3 Re8 10. Rc1 Bd7 11. Re1 Na6 12. b4 Rad8 13. Qb3 e6 14. b5 Nb8 15. e4
fxe4 16. Nxe4 Nxe4 17. Rxe4 cxb5 18. cxb5 Qb6 19. Bh3 d5 20. Bc5 Qa5 21. Ree1
b6 22. Ba3 Rc8 23. Bd6 Rxc1 24. Rxc1 Qxb5 25. Qxb5 Bxb5 26. Bxb8 Rxb8 27. Bxe6+
Kh8 28. Rc7 Be2 29. Ng5 h6 30. Nf7+ Kh7 31. Ne5 a6 32. Bxd5 Rd8 33. Bf3 Bb5 34.
Be4 Rd6 35. f4 Be8 36. d5 h5 37. Re7 Bb5 38. f5 Kg8 39. fxg6 Bf6 40. Nc6 Bxc6
41. Ra7 Bxd5 42. Bxd5+ Rxd5 43. Rxa6 Ra5 0-1

[Event "Gibtelecom Festival 2010 - Masters"]
[Site "Gibraltar ENG"]
[Date "2010.01.31"]
[Round "6.68"]
[White "Pettersen, Joar Gullestad"]
[Black "Nadig, Kruttika"]
[Result "1/2-1/2"]
[WhiteElo "2020"]
[BlackElo "2240"]
[PlyCount "92"]
[EventDate "2010.01.26"]
[EventType "swiss"]
[EventRounds "10"]
[EventCountry "ENG"]
[Source "lmi"]
[SourceDate "2010.01.26"]

1. e4 c5 2. Nf3 d6 3. d4 cxd4 4. Nxd4 Nf6 5. Nc3 a6 6. h3 e6 7. g4 b5 8. Bg2
Bb7 9. O-O b4 10. Nd5 exd5 11. exd5 Be7 12. Nc6 Bxc6 13. dxc6 Ra7 14. Be3 Rc7
15. g5 Ng8 16. Re1 Rc8 17. Qe2 Kf8 18. h4 h6 19. g6 Bf6 20. Qc4 fxg6 21. Rad1
Qc7 22. Bf4 Be5 23. Bxe5 dxe5 24. Qe6 Nf6 25. Rd3 Re8 26. Qc4 a5 27. Red1 Qf7
28. Bd5 Nxd5 29. Rxd5 Nxc6 30. Qxc6 Kg8 31. Rd7 Qf5 32. Qc7 Qf8 33. R1d6 Kh7
34. Rf7 Rc8 35. Qb7 Rb8 36. Qa7 Ra8 37. Qc7 Rc8 38. Qb7 Rb8 39. Qd5 Qe8 40.
Rdd7 Rg8 41. Rfe7 Qf8 42. Rf7 Qe8 43. Rfe7 Qf8 44. Qxa5 Qf6 45. Qxe5 Qxe5 46.
Rxe5 Rbc8 1/2-1/2

[Event "Gibtelecom Festival 2010 - Masters"]
[Site "Gibraltar ENG"]
[Date "2010.01.31"]
[Round "6.69"]
[White "Lacrosse, Marc"]
[Black "Hamer, Martyn"]
[Result "1-0"]
[WhiteElo "2220"]
[BlackElo "2039"]
[PlyCount "79"]
[EventDate "2010.01.26"]
[EventType "swiss"]
[EventRounds "10"]
[EventCountry "ENG"]
[Source "lmi"]
[SourceDate "2010.01.26"]

1. d4 Nf6 2. c4 e6 3. Nf3 d5 4. Bg5 Be7 5. Nc3 O-O 6. e3 h6 7. Bh4 b6 8. Be2
Bb7 9. Bxf6 Bxf6 10. cxd5 exd5 11. b4 c6 12. Qb3 a6 13. O-O Nd7 14. a4 b5 15.
a5 Be7 16. Ne1 Nf6 17. Nd3 Bc8 18. Rac1 Bf5 19. Ne5 Rc8 20. Bd3 Be6 21. Na2 Qe8
22. Rc2 Bd6 23. f4 Bxe5 24. fxe5 Nh7 25. Rcf2 Qe7 26. Qb1 Ng5 27. Nc3 Bd7 28.
Ne2 g6 29. Nf4 Ne4 30. Bxe4 dxe4 31. Ne2 h5 32. Ng3 Kg7 33. Nxe4 Bf5 34. Rxf5
gxf5 35. Nd6 Qg5 36. Rf3 h4 37. Nxf5+ Kh8 38. Rf4 Rfe8 39. Rxh4+ Kg8 40. Rg4
1-0

[Event "Gibtelecom Festival 2010 - Masters"]
[Site "Gibraltar ENG"]
[Date "2010.01.31"]
[Round "6.70"]
[White "Stanek, Stanislav"]
[Black "Weeramantry, Sunil"]
[Result "0-1"]
[WhiteElo "2007"]
[BlackElo "2201"]
[PlyCount "136"]
[EventDate "2010.01.26"]
[EventType "swiss"]
[EventRounds "10"]
[EventCountry "ENG"]
[Source "lmi"]
[SourceDate "2010.01.26"]

1. d4 Nf6 2. Bf4 g6 3. Nf3 Bg7 4. e3 d6 5. c3 O-O 6. Bd3 Nbd7 7. Qe2 c5 8. Nbd2
Re8 9. e4 cxd4 10. cxd4 e5 11. dxe5 dxe5 12. Be3 Nh5 13. g3 Nf8 14. Bc4 Ne6 15.
O-O-O a5 16. Bb5 Bd7 17. Nc4 Nd4 18. Nxd4 exd4 19. Bxd7 Qxd7 20. Kb1 Qc6 21.
Bc1 Rxe4 22. Qd3 b6 23. f3 Re6 24. Bd2 Qb5 25. Rhe1 Rc8 26. b3 Rec6 27. Ne5
Qxd3+ 28. Nxd3 Nf6 29. Ne5 Re6 30. Nc4 Nd5 31. Re4 a4 32. Rde1 b5 33. Rxe6 fxe6
34. Nd6 Rc6 35. Nxb5 axb3 36. Rc1 bxa2+ 37. Kxa2 Rb6 38. Rb1 Kf7 39. Ka3 Ra6+
40. Kb3 e5 41. Kc4 Ke6 42. Re1 Rc6+ 43. Kd3 Kd7 44. f4 Nc3 45. Bxc3 dxc3 46.
fxe5 c2 47. Rc1 Rc5 48. Na3 Rd5+ 49. Kxc2 Rxe5 50. Rd1+ Ke6 51. Nc4 Re4 52. Nd2
Re2 53. h3 Bh6 54. Kd3 Re3+ 55. Kd4 Rxg3 56. Ne4 Rxh3 57. Nc5+ Kf5 58. Rf1+ Bf4
59. Nd3 g5 60. Nxf4 gxf4 61. Ra1 Kg4 62. Ra7 h5 63. Rg7+ Kf3 64. Rf7 Rh4 65.
Rf8 Rg4 66. Rf5 h4 67. Rh5 Kg2 68. Ke4 f3+ 0-1

[Event "Gibtelecom Festival 2010 - Masters"]
[Site "Gibraltar ENG"]
[Date "2010.01.31"]
[Round "6.71"]
[White "Daoudi, Kamal"]
[Black "Mikalsen, Erlend"]
[Result "1-0"]
[WhiteElo "2155"]
[BlackElo "1973"]
[PlyCount "43"]
[EventDate "2010.01.26"]
[EventType "swiss"]
[EventRounds "10"]
[EventCountry "ENG"]
[Source "lmi"]
[SourceDate "2010.01.26"]

1. e4 c5 2. Nf3 d6 3. d4 cxd4 4. Qxd4 Nc6 5. Bb5 Bd7 6. Bxc6 Bxc6 7. Nc3 e5 8.
Qd3 Nf6 9. Bg5 Be7 10. O-O-O Rc8 11. Bxf6 gxf6 12. Nh4 Qa5 13. Nf5 Rd8 14. Qc4
Qc5 15. Qe2 d5 16. exd5 Bxd5 17. Qh5 Bc4 18. Ng7+ Kf8 19. Qh6 Kg8 20. Nf5 Rxd1+
21. Rxd1 Bf8 22. Rd8 1-0

[Event "Gibtelecom Festival 2010 - Masters"]
[Site "Gibraltar ENG"]
[Date "2010.01.31"]
[Round "6.72"]
[White "Marder, Simon"]
[Black "Arnott, Jonathan W"]
[Result "0-1"]
[WhiteElo "1993"]
[BlackElo "2154"]
[PlyCount "124"]
[EventDate "2010.01.26"]
[EventType "swiss"]
[EventRounds "10"]
[EventCountry "ENG"]
[Source "lmi"]
[SourceDate "2010.01.26"]

1. d4 e6 2. e4 d5 3. Nc3 Nf6 4. Bg5 Be7 5. Bxf6 Bxf6 6. e5 Be7 7. Qg4 g6 8.
O-O-O c5 9. dxc5 Nc6 10. Nf3 Qa5 11. Qf4 Bd7 12. h4 Qxc5 13. Kb1 Qxf2 14. Nb5
O-O-O 15. c4 a6 16. cxd5 axb5 17. d6 Bf8 18. Bxb5 Qb6 19. Bxc6 bxc6 20. Rd3 f6
21. Rb3 Qa5 22. Qc4 fxe5 23. Nxe5 Bxd6 24. Nxc6 Bxc6 25. Qxc6+ Bc7 26. Rc1 Rd7
27. Ra3 Qf5+ 28. Ka1 Kd8 29. Ra8+ Ke7 30. Rxh8 Qh5 31. g4 Qxh4 32. Rh1 Bh2 33.
Qf3 Qh6 34. a3 Qg7 35. Rb8 Bxb8 36. Qb3 Bd6 37. g5 Ra7 38. Ka2 Qf7 39. Qh3 Ke8
40. Re1 e5+ 41. Ka1 Qf5 42. Qb3 Kf8 43. Qd1 Qe6 44. Rf1+ Rf7 45. Rh1 Kg8 46.
Qa4 Be7 47. Rg1 e4 48. Re1 e3 49. Qb5 e2 50. Qxe2 Qxe2 51. Rxe2 Bxg5 52. b4 h5
53. b5 h4 54. Ka2 Bf4 55. a4 h3 56. Kb3 h2 57. Re1 Be3 58. Rh1 Bg1 59. a5 g5
60. b6 g4 61. a6 g3 62. a7 Rf8 0-1

[Event "Gibtelecom Festival 2010 - Masters"]
[Site "Gibraltar ENG"]
[Date "2010.01.31"]
[Round "6.73"]
[White "Nilsen, Joachim Birger"]
[Black "Obiamiwe, Paul"]
[Result "1-0"]
[WhiteElo "2152"]
[BlackElo "2046"]
[PlyCount "109"]
[EventDate "2010.01.26"]
[EventType "swiss"]
[EventRounds "10"]
[EventCountry "ENG"]
[Source "lmi"]
[SourceDate "2010.01.26"]

1. e4 e5 2. Nf3 Nc6 3. Bc4 Be7 4. O-O d6 5. c3 Nf6 6. d3 O-O 7. Re1 a6 8. Bb3
Na5 9. Bc2 c5 10. Nbd2 h6 11. Nf1 Re8 12. d4 Qc7 13. h3 b5 14. Ng3 Bf8 15. b3
g6 16. d5 Bd7 17. Nd2 c4 18. b4 Nb7 19. a4 bxa4 20. Bxa4 Bb5 21. Nb1 Bd7 22.
Na3 Rec8 23. Be3 a5 24. Bxd7 Qxd7 25. Qe2 axb4 26. cxb4 c3 27. Nc4 Qb5 28. Nb6
Rxa1 29. Rxa1 Qxe2 30. Nxe2 Rc7 31. f3 Kg7 32. Ra7 c2 33. Kf2 Be7 34. Na8 Rd7
35. Ke1 Bd8 36. Kd2 c1=Q+ 37. Nxc1 Nc5 38. Ra3 Nb7 39. Nb3 Ne8 40. b5 h5 41.
Ra7 f6 42. b6 Kf7 43. Nc7 Nxc7 44. Rxb7 Ke7 45. bxc7 Bxc7 46. Ra7 Bd8 47. Na5
Rxa7 48. Nc6+ Kd7 49. Bxa7 Bc7 50. Kc3 g5 51. Kb4 Kc8 52. Kb5 Kb7 53. Be3 Kc8
54. Ka6 Kd7 55. Kb7 1-0

[Event "Gibtelecom Festival 2010 - Masters"]
[Site "Gibraltar ENG"]
[Date "2010.01.31"]
[Round "6.77"]
[White "Andersson, Lars"]
[Black "Boesch, Heinz"]
[Result "1-0"]
[WhiteElo "2132"]
[BlackElo "1948"]
[PlyCount "37"]
[EventDate "2010.01.26"]
[EventType "swiss"]
[EventRounds "10"]
[EventCountry "ENG"]
[Source "lmi"]
[SourceDate "2010.01.26"]

1. f4 e5 2. fxe5 d6 3. exd6 Bxd6 4. Nf3 Nf6 5. d4 Ng4 6. Qd3 f5 7. e4 Nc6 8. e5
O-O 9. exd6 Qxd6 10. Be2 Nb4 11. Qd1 f4 12. O-O Bf5 13. Na3 c6 14. Bc4+ Kh8 15.
c3 Nd5 16. Bxd5 cxd5 17. Ne5 Ne3 18. Bxe3 fxe3 19. Qe2 1-0

[Event "Gibtelecom Festival 2010 - Masters"]
[Site "Gibraltar ENG"]
[Date "2010.01.31"]
[Round "6.80"]
[White "Flermoen, Peter"]
[Black "Bishop, Geoffrey L"]
[Result "1-0"]
[WhiteElo "2108"]
[BlackElo "1851"]
[PlyCount "65"]
[EventDate "2010.01.26"]
[EventType "swiss"]
[EventRounds "10"]
[EventCountry "ENG"]
[Source "lmi"]
[SourceDate "2010.01.26"]

1. e4 Nf6 2. e5 Nd5 3. d4 d6 4. Nf3 Bg4 5. exd6 cxd6 6. Bc4 e6 7. O-O Nc6 8.
Bxd5 exd5 9. Nc3 Bxf3 10. Qxf3 Nxd4 11. Qxd5 Ne6 12. Qxb7 Be7 13. Nd5 Nc5 14.
Qxa8 Qxa8 15. Nc7+ Kd7 16. Nxa8 Rxa8 17. Be3 Bf6 18. Bxc5 dxc5 19. Rad1+ Kc6
20. b3 Bd4 21. Rd2 Re8 22. Rfd1 Re7 23. Kf1 Re4 24. Rd3 a5 25. g3 Kb5 26. c3
Bf6 27. a4+ Kc6 28. Rd6+ Kc7 29. Rd7+ Kc8 30. R7d5 Kb7 31. Rxc5 Kb6 32. Rb5+
Kc6 33. Rdd5 1-0

[Event "Gibtelecom Festival 2010 - Masters"]
[Site "Gibraltar ENG"]
[Date "2010.01.31"]
[Round "6.83"]
[White "Steinskog, Asbjorn Ottesen"]
[Black "Lumsdon, Andrew"]
[Result "1-0"]
[WhiteElo "1884"]
[BlackElo "2090"]
[PlyCount "125"]
[EventDate "2010.01.26"]
[EventType "swiss"]
[EventRounds "10"]
[EventCountry "ENG"]
[Source "lmi"]
[SourceDate "2010.01.26"]

1. Nf3 Nf6 2. g3 b6 3. Bg2 Bb7 4. O-O g6 5. d4 Bg7 6. c4 O-O 7. Re1 d6 8. Nc3
Nbd7 9. e4 e5 10. d5 h6 11. h3 Kh7 12. Nh4 Ng8 13. Be3 Bc8 14. b4 a5 15. a3 Qe7
16. Rc1 Nb8 17. c5 bxc5 18. bxc5 f5 19. exf5 gxf5 20. cxd6 cxd6 21. Nb5 Na6 22.
f4 e4 23. Qh5 Bd7 24. Qg6+ Kh8 25. Qxd6 Qxd6 26. Nxd6 Ne7 27. Nc4 Kh7 28. Red1
Bb5 29. d6 Nc6 30. Nb6 Rad8 31. a4 Be2 32. Rd2 Nab4 33. Rxe2 Rxd6 34. Kh2 Nd4
35. Bxd4 Bxd4 36. Nxf5 Rxf5 37. Bxe4 Bxb6 38. Bxf5+ Kg7 39. Rce1 Bd4 40. h4 Bc3
41. Rc1 Bd2 42. Rd1 Bxf4 43. Rxd6 Bxd6 44. Re6 Bf8 45. Be4 Na2 46. Ra6 Nc3 47.
Bc2 Ne2 48. Bd3 Nc1 49. Bc4 Bb4 50. Kg2 Be1 51. Rd6 Bb4 52. Rd1 Ba3 53. Rd2 Kf6
54. Rd5 Bb4 55. Kf3 Bc3 56. Ke3 Be1 57. Rd1 Bxg3 58. Rxc1 Bxh4 59. Rb1 Bg5+ 60.
Ke4 Bd2 61. Be2 Ke6 62. Bg4+ Kf6 63. Rd1 1-0

[Event "Gibtelecom Festival 2010 - Masters"]
[Site "Gibraltar ENG"]
[Date "2010.01.31"]
[Round "6.84"]
[White "Pienabarca, Nicola"]
[Black "Gonzalez Amaya, Millan"]
[Result "1-0"]
[WhiteElo "2071"]
[BlackElo "1805"]
[PlyCount "131"]
[EventDate "2010.01.26"]
[EventType "swiss"]
[EventRounds "10"]
[EventCountry "ENG"]
[Source "lmi"]
[SourceDate "2010.01.26"]

1. d4 Nf6 2. Nf3 g6 3. g3 Bg7 4. Bg2 O-O 5. O-O c6 6. c4 d5 7. b3 Bf5 8. Bb2
Nbd7 9. Nbd2 Rc8 10. Re1 Be4 11. Nxe4 Nxe4 12. Nd2 f5 13. f3 Nec5 14. b4 Ne6
15. e3 Nb6 16. Qb3 dxc4 17. Nxc4 Nxc4 18. Qxc4 Qd5 19. Qxd5 cxd5 20. f4 Nc7 21.
Rec1 e6 22. Bf1 Rfd8 23. Rc2 Ne8 24. Rac1 Rxc2 25. Rxc2 Bf8 26. b5 Bd6 27. Rc3
Bb8 28. Ba3 Nf6 29. Bd3 Kf7 30. Bc2 Ke8 31. Kg2 Kd7 32. b6 Rg8 33. Ba4+ Kd8 34.
bxa7 Bxa7 35. Bd6 Ne4 36. Bc7+ Ke7 37. Rb3 b6 38. Bxb6 Bxb6 39. Rxb6 Ra8 40.
Bb3 h6 41. Rb7+ Kf6 42. Rc7 Rb8 43. Rc2 Ke7 44. Kf3 Kf6 45. Ba4 Rb1 46. Kg2 g5
47. fxg5+ hxg5 48. Bd7 g4 49. Bc8 Re1 50. Rc6 Re2+ 51. Kf1 Rxa2 52. Bxe6 Rxh2
53. Bxd5+ Kg5 54. Bxe4 fxe4 55. Re6 Rh8 56. Re5+ Kf6 57. Rxe4 Rc8 58. Ke2 Kf5
59. Re5+ Kf6 60. Kd3 Kg6 61. e4 Ra8 62. Ke3 Rf8 63. Rf5 Rd8 64. d5 Re8 65. Kf4
Ra8 66. Kxg4 1-0